Les Titres de Daniel Balavoine avec les initiales - Statistiques

Statistiques générales
  • Ce quiz a été pris 97 fois
  • Le résultat moyen est 7 sur 12
Statistiques - réponses
Initiales Titres % Correct
S.O.S. D'_ T___ E_ D___ S.O.S d'un terrien en détresse
94%
L' A___ L'Aziza
92%
J_ N_ S__ P_ U_ H__ Je ne suis pas un héros
88%
M_ F__ M_ B____ Mon Fils ma bataille
84%
L_ V_ N_ M'____ R__ La Vie ne m'apprend rien
79%
L_ C____ Le Chanteur
73%
Q__ O_ A___ E_ V__ Quand on arrive en ville
66%
V__ O_ S____ Vivre ou Survivre
52%
A__ E_ P__ F__ Q_ D'__ A__ Aimer est plus fort que d'être aimé
35%
L__ M____ Lady Marlène
16%
D__ Q_ L'___ E_ T___ Dieu que l'amour est triste
15%
U_ E___A__ A___ L_ P__ Un Enfant assis attend la pluie
9%
Aucun quiz correspondant
Distribution des résultats
% des personnes avec chaque résultat
Percentile par nombre de réponses
Votre historique - résultats
Vous n’avez pas pris ce quiz